000 00643nam a22002177a 4500
999 _c152930
_d152930
005 20210824153815.0
008 180621b xxu||||| |||| 00| 0 eng d
010 _aB-147372
020 _a0070583374
_c225.00
035 _aB-147372
037 _bBPPD/PUB
040 _adpl
_bEnglish
082 _a658.8
100 _aShajahan, S.
245 _aRelationship marketing :
_cby S. Shajahan
_bTaxt and cases /
260 _aNew Delhi
_bTata McGraw-Hill
_c2004
270 _a7 West Patel Nagar,
_bNew Delhi
_e110008
300 _axviii, 310 p.
_c24cm(pbk)
500 _aIncludes index
942 _2ddc
_cEN
_mSHA
_h658.8